Dixon v Allgood (Record no. 7268)
[ view plain ]
| 000 -LEADER | |
|---|---|
| fixed length control field | 01461cab a2200193 4500 |
| 001 - CONTROL NUMBER | |
| control field | ABS38592 |
| 008 - FIXED-LENGTH DATA ELEMENTS--GENERAL INFORMATION | |
| fixed length control field | 090401t1987 xxu||||| |||| 00| 0 eng d |
| 035 ## - SYSTEM CONTROL NUMBER | |
| System control number | (Sirsi) u11404 |
| 041 ## - LANGUAGE CODE | |
| Language code of text/sound track or separate title | eng |
| 245 ## - TITLE STATEMENT | |
| Title | Dixon v Allgood |
| 260 ## - PUBLICATION, DISTRIBUTION, ETC. | |
| Date of publication, distribution, etc. | 1987 |
| 350 ## - PRICE (NR) (BK AM CF MU VM SE) [OBSOLETE] | |
| Price | 0 |
| 490 ## - SERIES STATEMENT | |
| Series statement | Weekly Law Reports |
| Volume/sequential designation | (1987) 1 WLR 1689-1696(8) |
| 520 ## - SUMMARY, ETC. | |
| Summary, etc. | HL 26 November 1987. In 1964 the appellant (D) took a tenancy of two semi-detached derelict cottages and six acres of land at a rent of 52 pa. D reconstructed one cottage, whose rateable value (rv) in 1966 was 42 which he occupied while reconstructing the other and constructing a five-door garage building,with a combined rv of 57. In 1977 D obtained vacant possesion of the second cottage, inserted connecting doors and occupied the two as one dwelling. In February 1981 D served notice on the landlord (A) to purchase the freehold of the house and garages under Leasehold Reform Act 1967 claiming the rv at that date was 100. A opposed this claim. The court held that D was entitled to the freehold because his rent, by 1981 51.44 was less than two-thirds of the rv and therefore a low rent for the purposes of the act. The CA allowed an appeal by the landlord on the grounds that the garages should not have been included in the calculation making the rv 72 therefore the rent was not a ` low r |
| 650 ## - SUBJECT ADDED ENTRY--TOPICAL TERM | |
| Topical term or geographic name entry element | ENTITLEMENT |
| 690 ## - LOCAL SUBJECT ADDED ENTRY--TOPICAL TERM (OCLC, RLIN) | |
| Topical term or geographic name as entry element | LANDLORD AND TENANT-CASE LAW-LEASEHOLD REFORM |
| 942 ## - ADDED ENTRY ELEMENTS (KOHA) | |
| Suppress in OPAC | 0 |
| 948 ## - LOCAL PROCESSING INFORMATION (OCLC); SERIES PART DESIGNATOR (RLIN) | |
| c (OCLC) | 04/03/1997 |
| Withdrawn status | Lost status | Source of classification or shelving scheme | Damaged status | Not for loan | Home library | Current library | Shelving location | Date acquired | Total Checkouts | Full call number | Barcode | Date last seen | Copy number | Price effective from | Koha item type |
|---|---|---|---|---|---|---|---|---|---|---|---|---|---|---|---|
| Dewey Decimal Classification | London | London | Journal article | 14/09/1999 | ABS38592 | 11404-1001 | 06/08/2019 | 1 | 06/08/2019 | Law report |